000 00314nam a2200121Ia 4500
008 190723s9999 xx 000 0 und d
020 _a969-407-097-X
100 _aDr.Vaqar Ahmed
245 0 _aEminent Muslim Scientists the Quaid and Poets
260 _aKarachi
_bRoyal Book
_c1989
300 _a120
942 _cBK
999 _c1270
_d1270